Business Management and Behavioral Studies Revision Notes (Record no. 349788)
[ view plain ]
| 000 -LEADER | |
|---|---|
| fixed length control field | 00657nam a22001817a 4500 |
| 003 - CONTROL NUMBER IDENTIFIER | |
| control field | OSt |
| 005 - DATE AND TIME OF LATEST TRANSACTION | |
| control field | 20180116182959.0 |
| 008 - FIXED-LENGTH DATA ELEMENTS--GENERAL INFORMATION | |
| fixed length control field | 140922b xxu||||| |||| 00| 0 eng d |
| 020 ## - INTERNATIONAL STANDARD BOOK NUMBER | |
| International Standard Book Number | 9789699330193 |
| 040 ## - CATALOGING SOURCE | |
| Original cataloging agency | 0 |
| Language of cataloging | 0 |
| Transcribing agency | 0 |
| 082 ## - DEWEY DECIMAL CLASSIFICATION NUMBER | |
| Classification number | 657 ICAP 2013 |
| 110 ## - MAIN ENTRY--CORPORATE NAME | |
| Corporate name or jurisdiction name as entry element | The Institute of Chartered Accountants of Pakistan |
| 245 ## - TITLE STATEMENT | |
| Title | Business Management and Behavioral Studies Revision Notes |
| Statement of responsibility, etc. | The Institute of Chartered Accountants of Pakistan |
| 260 ## - PUBLICATION, DISTRIBUTION, ETC. | |
| Place of publication, distribution, etc. | UK |
| Name of publisher, distributor, etc. | Woolf International |
| Date of publication, distribution, etc. | 2013 |
| 300 ## - PHYSICAL DESCRIPTION | |
| Extent | 260p. |
| Other physical details | PB |
| 440 ## - SERIES STATEMENT/ADDED ENTRY--TITLE | |
| Title | Business Management and Behavioural Studies Revision Notes |
| Number of part/section of a work | Revision Notes & Question Bank CAF-07 (3 Part Set) |
| 942 ## - ADDED ENTRY ELEMENTS (KOHA) | |
| Source of classification or shelving scheme | |
| Koha item type | Book |
| Withdrawn status | Lost status | Source of classification or shelving scheme | Damaged status | Not for loan | Collection code | Permanent Location | Current Location | Shelving location | Date acquired | Total Checkouts | Full call number | Barcode | Date last seen | Date last checked out | Price effective from | Koha item type | Source of acquisition |
|---|---|---|---|---|---|---|---|---|---|---|---|---|---|---|---|---|---|
| Central Library (CL) | Central Library (CL) | General Stacks | 09/22/2014 | 2 | 657 ICAP 2013 | NBSD-1951 | 08/27/2018 | 05/20/2016 | 09/22/2014 | Book | |||||||
| Central Library (CL) | Central Library (CL) | 05/09/2022 | 657 ICAP 2013 | CL-D-1782 | 05/09/2022 | 05/09/2022 | Book | Donation |
